| 000 | 02144nam a2200385 i 4500 | ||
|---|---|---|---|
| 001 | 768714001 | ||
| 003 | CO-MdFUSB | ||
| 005 | 20230411093030.0 | ||
| 007 | ta | ||
| 008 | 220218t2004 -us||||| |||| 00| 0 spa d | ||
| 020 | _a9780829705225 | ||
| 040 |
_aCO-MdFUSB _bspa _cCO-MdFUSB _dCO-MdFUSBC _erda |
||
| 041 |
_aspa _heng |
||
| 082 |
_223 _a248.5 _bW681 |
||
| 100 |
_aWilkerson, David _d1931-2011 _eautor |
||
| 240 | _aThe cross and the switchblade. | ||
| 245 |
_aLa cruz y el puñal _c/ David Wilkerson , Juan Sherrill , Elisabet Sherrill ; traducido por Benjamín E. Mercado. |
||
| 264 | 1 |
_aEstados Unidos : _bVida, _c[2004] |
|
| 264 | 4 | _c© 2004 | |
| 300 |
_a221 páginas _c; 22 cm |
||
| 336 |
_2rdacontent _atexto _btxt |
||
| 337 |
_2rdamedia _asin mediación _bn |
||
| 338 |
_2rdacarrier _avolumen _bnc |
||
| 520 | _a"Si se me acerca"-me dijo Nicky con voz torturada-, lo mato. -Podrías hacerlo-le dije-. Podrías cortarme en mil pedazos y arrojarlos a la calle, pero eso no cambiaría lo que siento por ti. A veces se reían de él, otras lo amenazaban. Pero un día ocurrió el milagro…Varios líderes de pandillas se arrodillaron en el pavimento…pidiendo ayuda... David Wilkerson narra con maestría la conmovedora y verídica historia de su misión entre los drogadictos y perdidos en los pecados más horribles. El autor pasó horas amargas en la ciudad de Nueva York, hablando de regeneración y rehabilitación a pandilleros endurecidos y llenos de los vicios más viles. Cuando comienza a leer La Cruz y el Puñal no lo podrá poner a un lado. Vivirá junto a los personajes momentos de temor, angustia, dolor y emoción. Que lo llevaran de la tragedia a la alegría, de las lágrimas a la sonrisa con los hechos auténticos que aquí se relatan. | ||
| 563 | _aRústico | ||
| 600 | 0 |
_aWilkerson, David _d1931-2011 |
|
| 650 | 7 |
_9409 _aBiografía |
|
| 650 | 7 |
_9931 _aMisioneros |
|
| 653 | _aAutobiografía | ||
| 700 |
_96228 _aSherrill, Juan, _eautor |
||
| 700 |
_96229 _aSherrill, Elizabeth, _eautor |
||
| 700 |
_96230 _aMercado, Benjamín E. _etraductor |
||
| 942 | _cBK | ||
| 945 | _aJTF-925 | ||
| 999 |
_c67260 _d67260 |
||